| 000 | 00724nam a2200289Ia 4500 | ||
|---|---|---|---|
| 008 | 190123s9999 xx 000 0 und d | ||
| 020 | _a0516245252 | ||
| 050 | _bB857 2002 | ||
| 100 | _aBrimner, Larry Dane | ||
| 245 | 2 | _aA flag for all / | |
| 245 | 0 | _cby Larry Dane Brimner ; illustrated by Christine Tripp. | |
| 260 | _aNew York, New York : | ||
| 260 | _bScholastic, | ||
| 260 | _c2002 | ||
| 300 | _a31 pages : | ||
| 300 | _bcolored illustrations ; | ||
| 300 | _c18cm. | ||
| 440 | _aRookie choices. | ||
| 500 | _a560L | ||
| 650 | _aFlag day. | ||
| 650 | _aHolidays. | ||
| 650 | _aPatriotism. | ||
| 650 | _aUnited States. | ||
| 700 | _aSeries. | ||
| 700 | _aTitle. | ||
| 700 | _aTripp, Christine. | ||
| 999 |
_c361033 _d361033 |
||